Prior Police Contact and Subsequent Victim Reporting: Results from the NCVS

Saved in:  
Bibliographic Details
Contributors: Xie, Min (Other) ; Pogarsky, Greg (Other) ; Lynch, James P. 1949- (Other) ; McDowall, David 1949- (Other)
Format: Print Article
Language:English
Published: 2006
In: Justice quarterly
Year: 2006, Volume: 23, Issue: 4, Pages: 481-501
Check availability: HBZ Gateway
Keywords:

MARC

LEADER 00000caa a22000002c 4500
001 1640340203
003 DE-627
005 20250321231736.0
007 tu
008 160223s2006 xx ||||| 00| ||eng c
035 |a (DE-627)1640340203 
035 |a (DE-576)45612098X 
035 |a (DE-599)BSZ45612098X 
040 |a DE-627  |b ger  |c DE-627  |e rakwb 
041 |a eng 
245 0 0 |a Prior Police Contact and Subsequent Victim Reporting: Results from the NCVS  |c Min Xie, Greg Pogarsky, James P. Lynch, David McDowall 
264 1 |c 2006 
336 |a Text  |b txt  |2 rdacontent 
337 |a ohne Hilfsmittel zu benutzen  |b n  |2 rdamedia 
338 |a Band  |b nc  |2 rdacarrier 
700 1 |a Xie, Min  |0 (DE-588)125102002X  |0 (DE-627)1788523032  |4 oth 
700 1 |8 1\p  |a Pogarsky, Greg  |0 (DE-588)171822315  |0 (DE-627)30534353X  |0 (DE-576)132585472  |4 oth 
700 1 |a Lynch, James P.  |d 1949-  |0 (DE-588)137675984  |0 (DE-627)594836166  |0 (DE-576)166396095  |4 oth 
700 1 |a McDowall, David  |d 1949-  |0 (DE-588)131526162  |0 (DE-627)510500056  |0 (DE-576)298563924  |4 oth 
773 0 8 |i In  |t Justice quarterly  |d Abingdon, Oxfordshire : Routledge, 1984  |g 23(2006), 4, Seite 481-501  |w (DE-627)166984612  |w (DE-600)356637-7  |w (DE-576)015443914  |x 0741-8825  |7 nnas 
773 1 8 |g volume:23  |g year:2006  |g number:4  |g pages:481-501 
776 1 |o 10.1080/07418820600985339 
883 |8 1\p  |a cgwrk  |d 20250301  |q DE-101  |u https://d-nb.info/provenance/plan#cgwrk 
935 |a mkri 
951 |a AR 
ELC |b 1 
LOK |0 000 xxxxxcx a22 zn 4500 
LOK |0 001 3301931022 
LOK |0 003 DE-627 
LOK |0 004 1640340203 
LOK |0 005 20250401123007 
LOK |0 008 160208||||||||||||||||ger||||||| 
LOK |0 040   |a DE-21-110  |c DE-627  |d DE-21-110 
LOK |0 689   |a s  |a Anzeigeverhalten 
LOK |0 689   |a s  |a Opfer 
LOK |0 689   |a s  |a Rational Choice 
LOK |0 689   |a s  |a Polizeiliches Handeln 
LOK |0 689   |a s  |a Verfahrensgerechtigkeit 
LOK |0 689   |a s  |a Opfererfahrung 
LOK |0 852   |a DE-21-110 
LOK |0 852 1  |m p  |9 00 
LOK |0 935   |a k110 
LOK |0 938   |k p 
LOK |0 939   |a 08-02-16  |b l01 
ORI |a SA-MARC-krimdoka001.raw